| 000 | 01316cam a22003495a 4500 | ||
|---|---|---|---|
| 999 |
_c4653 _d4653 |
||
| 003 | EG-ScBUE | ||
| 005 | 20191224101323.0 | ||
| 008 | 101101m20052006enka f 000 0 eng d | ||
| 020 | _a185964810X (Part A) | ||
| 020 | _a9781859648100 (Part A) | ||
| 020 | _a1859648185 (Part B) | ||
| 020 | _a9781859648186 (Part B) | ||
| 040 |
_aEG-ScBUE _beng _erda _cEG-ScBUE _dEG-ScBUE |
||
| 082 | 0 | 4 |
_a428.24 _bPHI _222 |
| 100 | 1 |
_aPhillips, Terry, _d1949- _eauthor. |
|
| 245 | 1 | 0 |
_aStarting skills in English. _pVocabulary and grammar. _pTeacher's book / _cTerry Phillips, Anna Phillips. |
| 246 | 3 | 0 | _aVocabulary and grammar |
| 246 | 3 | 0 | _aTeacher's book |
| 264 | 1 |
_aReading, U.K. : _bGarnet Education, _c[between 2005-2006] |
|
| 300 |
_a2 volumes : _billustrations ; _c28 cm |
||
| 336 |
_2rdacontent _atext _btxt |
||
| 337 |
_2rdamedia _aunmediated _bn |
||
| 338 |
_2rdacarrier _avolume _bnc |
||
| 505 | 0 | _aPart A -- Part B. | |
| 520 | _aA skills course providing immediate access for false beginners to study academic skills. | ||
| 650 | 7 |
_aEnglish language _vTextbooks for foreign speakers. _2BUEsh _920822 |
|
| 650 | 7 |
_aEnglish language _xGrammar _vProblems, exercises, etc. _2BUEsh _920823 |
|
| 653 |
_bHHUUEENN _cJuly2019 |
||
| 655 | _vReading book | ||
| 700 | 1 |
_aPhillips, Anna, _d1954- _eauthor. |
|
| 942 |
_cTR _2ddc |
||